[Event "25th Hoogeveen op"]
[Site "Hoogeveen NED"]
[Date "2022.10.19"]
[Round "6.19"]
[White "Kumar, Sanjit S"]
[Black "Klaren, Duncan"]
[Result "1/2-1/2"]
[WhiteElo "1923"]
[BlackElo "2009"]
[EventDate "2022.10.15"]
[PlyCount "71"]

1.d4 Nf6 2.c4 b6 3.Nc3 Bb7 4.d5 e6 5.a3 Bd6 6.g3 O-O 7.Nf3 c6 8.dxc6 dxc6 
9.Bg2 Qc7 10.O-O Nbd7 11.Qc2 Rfd8 12.e4 Ne5 13.Nxe5 Bxe5 14.Ne2 c5 15.Be3 
Qc6 16.f3 Bd4 17.Bf2 e5 18.Nc3 Bxc3 19.Qxc3 Qe6 20.Rfd1 Rd6 21.Rd3 Rad8 
22.Rad1 a5 23.Bf1 h6 24.Rxd6 Rxd6 25.Rxd6 Qxd6 26.Qd3 Ne8 27.b4 axb4 28.
axb4 cxb4 29.Qxd6 Nxd6 30.c5 bxc5 31.Bxc5 Ne8 32.Bxb4 f5 33.Bc3 fxe4 34.
fxe4 Bxe4 35.Bxe5 Nf6 36.Bxf6 1/2-1/2

[Event "25th Hoogeveen op"]
[Site "Hoogeveen NED"]
[Date "2022.10.19"]
[Round "6.20"]
[White "Shakhverdian, William"]
[Black "Mol, Christiaan"]
[Result "1/2-1/2"]
[WhiteElo "2123"]
[BlackElo "1961"]
[EventDate "2022.10.15"]
[PlyCount "38"]

1.d4 Nf6 2.c4 g6 3.Nc3 d5 4.cxd5 Nxd5 5.Bd2 Bg7 6.e4 Nb6 7.Be3 O-O 8.Be2 
Nc6 9.d5 Ne5 10.Bd4 c6 11.f4 Ned7 12.dxc6 bxc6 13.Nf3 Nf6 14.O-O Be6 15.
Rc1 Nh5 16.Ne5 Nxf4 17.Rxf4 c5 18.Bxc5 Bxe5 19.Qxd8 Rfxd8 1/2-1/2

[Event "25th Hoogeveen op"]
[Site "Hoogeveen NED"]
[Date "2022.10.19"]
[Round "6.21"]
[White "Slagboom, Leandro"]
[Black "Bollaart, Jeroen"]
[Result "1-0"]
[WhiteElo "2117"]
[BlackElo "1937"]
[EventDate "2022.10.15"]
[PlyCount "91"]

1.e4 g6 2.d4 Bg7 3.Nc3 d6 4.Be3 a6 5.Qd2 b5 6.f3 Bb7 7.h4 h6 8.Nge2 Nd7 9.
g3 c5 10.dxc5 Ne5 11.Bg2 Nc4 12.Qc1 Nxe3 13.Qxe3 dxc5 14.Rd1 Qc7 15.a4 b4 
16.Nd5 Bxd5 17.Rxd5 Rc8 18.c3 Nf6 19.Rd1 O-O 20.e5 Nd7 21.f4 Nb6 22.b3 
Rcd8 23.O-O e6 24.c4 Nc8 25.Nc1 Rfe8 26.Rd3 Bf8 27.Rfd1 Ne7 28.Be4 Nf5 29.
Bxf5 gxf5 30.Qd2 Be7 31.Rd7 Qc6 32.Qd3 Kf8 33.Kf2 Qa8 34.Qf3 Qxf3+ 35.Kxf3
h5 36.Ke2 f6 37.Rxd8 Rxd8 38.Rxd8+ Bxd8 39.Nd3 fxe5 40.Nxc5 Kf7 41.fxe5 a5
42.Kf3 Bb6 43.Nd3 Bd4 44.Kf4 Kg6 45.c5 Kh6 46.c6 1-0

[Event "25th Hoogeveen op"]
[Site "Hoogeveen NED"]
[Date "2022.10.19"]
[Round "6.22"]
[White "Kotyk, Michael"]
[Black "Boersma, Jan"]
[Result "1-0"]
[WhiteElo "2105"]
[BlackElo "1930"]
[EventDate "2022.10.15"]
[PlyCount "69"]

1.d4 Nf6 2.c4 g6 3.Nc3 Bg7 4.e4 O-O 5.Be3 d6 6.h3 Nc6 7.d5 Nb8 8.Nf3 c6 9.
Be2 e6 10.dxe6 Bxe6 11.O-O Na6 12.a3 Qe7 13.Qc2 Rfe8 14.Rad1 Bc8 15.b4 
Nxe4 16.Qxe4 Qxe4 17.Nxe4 Rxe4 18.Rxd6 Re8 19.Rfd1 h6 20.b5 cxb5 21.cxb5 
Nc7 22.Rc1 Ne6 23.a4 Bf8 24.Rdd1 Bg7 25.Bc4 g5 26.Bd5 a6 27.Rxc8 Raxc8 28.
Bxb7 Rcd8 29.Rxd8 Rxd8 30.bxa6 Nc7 31.Bb6 Rd1+ 32.Kh2 Nxa6 33.Bxa6 Rd6 34.
a5 Bc3 35.Bc8 1-0

[Event "25th Hoogeveen op"]
[Site "Hoogeveen NED"]
[Date "2022.10.19"]
[Round "6.23"]
[White "Vasse, Albert"]
[Black "Van der Hagen, Loek"]
[Result "0-1"]
[WhiteElo "1844"]
[BlackElo "2079"]
[EventDate "2022.10.15"]
[PlyCount "55"]

1.e4 c5 2.d4 cxd4 3.c3 dxc3 4.Nxc3 Nc6 5.Nf3 e6 6.Bc4 a6 7.O-O Nge7 8.Bg5 
f6 9.Be3 b5 10.Bb3 Ng6 11.Rc1 Bb7 12.Qe2 Na5 13.Bc2 Be7 14.Rfd1 O-O 15.h4 
Ne5 16.Nd4 Qe8 17.b3 Rc8 18.Bb1 Ba3 19.Rc2 Nac6 20.f4 Nxd4 21.Bxd4 Nc6 22.
Be3 Nb4 23.e5 Nxc2 24.Qxc2 f5 25.Qd3 Qg6 26.Rd2 Bb4 27.Bd4 Bxc3 28.Qe2 0-1

[Event "25th Hoogeveen op"]
[Site "Hoogeveen NED"]
[Date "2022.10.19"]
[Round "6.24"]
[White "Labruyere, Roger"]
[Black "Bloem, Mark"]
[Result "1-0"]
[WhiteElo "2063"]
[BlackElo "1917"]
[EventDate "2022.10.15"]
[PlyCount "61"]

1.e4 c5 2.Nf3 e6 3.g3 Nc6 4.Bg2 Nf6 5.Qe2 d5 6.exd5 Nxd5 7.O-O Be7 8.Rd1 
O-O 9.d4 cxd4 10.Nxd4 Nxd4 11.Rxd4 Bf6 12.Rd1 Qc7 13.c4 Nb6 14.Na3 Bd7 15.
Bf4 e5 16.Be3 Bc6 17.Nb5 Bxb5 18.cxb5 Rfd8 19.Rac1 Rxd1+ 20.Qxd1 Rd8 21.
Rxc7 Rxd1+ 22.Bf1 Bd8 23.Rxb7 Nc4 24.Rxa7 f5 25.Ra8 Nxe3 26.fxe3 Kf7 27.
Ra7+ Kf6 28.Ra6+ Kg5 29.Kf2 Rd2+ 30.Be2 Rxb2 31.h4# 1-0

[Event "25th Hoogeveen op"]
[Site "Hoogeveen NED"]
[Date "2022.10.19"]
[Round "6.25"]
[White "Reulink, Fred"]
[Black "Niemeijer, Leon"]
[Result "1-0"]
[WhiteElo "1983"]
[BlackElo "1841"]
[EventDate "2022.10.15"]
[PlyCount "49"]

1.c4 Nf6 2.g3 g6 3.Bg2 Bg7 4.Nc3 O-O 5.b3 e5 6.Bb2 c6 7.e4 Re8 8.Nge2 b6 
9.O-O Bb7 10.d4 exd4 11.Nxd4 c5 12.Ndb5 Nxe4 13.Bxe4 Bxe4 14.Nd6 Bxc3 15.
Bxc3 Bf5 16.Qd5 Re6 17.Nxf5 Nc6 18.Nh6+ Kf8 19.Rad1 Ke8 20.Rfe1 Qe7 21.
Rxe6 fxe6 22.Qf3 e5 23.Bxe5 Rc8 24.Bd6 Qg7 25.Re1+ 1-0

[Event "25th Hoogeveen op"]
[Site "Hoogeveen NED"]
[Date "2022.10.19"]
[Round "6.26"]
[White "Van Houwelingen, Leo"]
[Black "Valiente, Paulo"]
[Result "0-1"]
[WhiteElo "2003"]
[BlackElo "1819"]
[EventDate "2022.10.15"]
[PlyCount "60"]

1.e4 d6 2.d4 Nf6 3.Nc3 g6 4.Bg5 Bg7 5.Qd2 O-O 6.f4 a6 7.Nf3 c6 8.e5 Nd5 9.
Nxd5 cxd5 10.Bd3 Nc6 11.c3 b5 12.O-O Rb8 13.Kh1 Qd7 14.Rae1 Qc7 15.exd6 
Qxd6 16.Ne5 e6 17.Nxc6 Qxc6 18.Be7 Re8 19.Bc5 Bd7 20.b4 Ra8 21.Ra1 a5 22.
bxa5 Rxa5 23.c4 dxc4 24.Qxa5 cxd3 25.Qd2 Qd5 26.Qxd3 Bc6 27.Rf2 Ra8 28.Qf3
Qxc5 29.dxc5 Bxf3 30.Rc1 Bc6 0-1

[Event "25th Hoogeveen op"]
[Site "Hoogeveen NED"]
[Date "2022.10.19"]
[Round "6.27"]
[White "Klaren, Oscar"]
[Black "Zecha, Oscar"]
[Result "1/2-1/2"]
[WhiteElo "2003"]
[BlackElo "1854"]
[EventDate "2022.10.15"]
[PlyCount "99"]

1.e4 e5 2.Nf3 Nc6 3.Nc3 Nf6 4.d4 exd4 5.Nxd4 Bb4 6.Nxc6 bxc6 7.Bd3 d5 8.
exd5 O-O 9.O-O cxd5 10.h3 c6 11.Qf3 Re8 12.Bf4 Nd7 13.a3 Be7 14.Rfe1 Nc5 
15.b4 Nxd3 16.Qxd3 Bb7 17.Na4 a5 18.Nc5 Qb6 19.Nxb7 Qxb7 20.Rab1 axb4 21.
axb4 Ra4 22.Bd6 Qd7 23.Bxe7 Rxe7 24.Rxe7 Qxe7 25.b5 Rb4 26.Rxb4 Qe1+ 27.
Kh2 Qxb4 28.bxc6 Kf8 29.Qg3 g6 30.Qe5 Qc4 31.c7 Kg8 32.g3 Qxc2 33.Kg2 Qc6 
34.Qe7 d4+ 35.Kh2 Qc2 36.Qd8+ Kg7 37.Qxd4+ Kg8 38.Qa7 Kg7 39.g4 h6 40.Qd4+
Kh7 41.Qf4 Kg7 42.h4 Qc5 43.g5 h5 44.Kg1 Kg8 45.Kg2 Qc6+ 46.Kf1 Qb5+ 47.
Ke1 Qc5 48.Kd2 Qd5+ 49.Kc3 Qa5+ 50.Kb3 1/2-1/2

[Event "25th Hoogeveen op"]
[Site "Hoogeveen NED"]
[Date "2022.10.19"]
[Round "6.28"]
[White "Boeren, Jurriaan"]
[Black "Hartgers, Leendert"]
[Result "1-0"]
[WhiteElo "1987"]
[BlackElo "1840"]
[EventDate "2022.10.15"]
[PlyCount "49"]

1.e4 e5 2.Nf3 Nc6 3.Bb5 a6 4.Ba4 Nf6 5.O-O b5 6.Bb3 Be7 7.Re1 d6 8.a4 Rb8 
9.axb5 axb5 10.d3 O-O 11.Nbd2 Nb4 12.Nf1 c5 13.Bd2 Nc6 14.Ne3 Qe8 15.h3 
Nd8 16.Ra7 Nc6 17.Ra2 Bb7 18.Nf5 Nd7 19.Ng5 Nd4 20.Nxh7 Kxh7 21.Qh5+ Kg8 
22.Nh6+ gxh6 23.Qg6+ Kh8 24.Qxh6+ Kg8 25.Re3 1-0

[Event "25th Hoogeveen op"]
[Site "Hoogeveen NED"]
[Date "2022.10.19"]
[Round "6.29"]
[White "Ten Ham, John"]
[Black "Godding, Mick"]
[Result "1/2-1/2"]
[WhiteElo "1910"]
[BlackElo "1831"]
[EventDate "2022.10.15"]
[PlyCount "48"]

1.d4 Nf6 2.c4 c5 3.e3 e6 4.Nf3 d5 5.dxc5 Bxc5 6.Be2 O-O 7.cxd5 Nxd5 8.Bd2 
Nc6 9.Nc3 Nxc3 10.Bxc3 Bb4 11.Qb3 Qe7 12.O-O Bxc3 13.Qxc3 Bd7 14.Rfd1 Rac8
15.Rac1 Nb8 16.Qd4 a6 17.Ne5 Bc6 18.Nxc6 Nxc6 19.Qb6 Qc7 20.Qc5 Rfd8 21.g3
g6 22.Bf3 Rxd1+ 23.Bxd1 Qd7 24.e4 Qd2 1/2-1/2

[Event "25th Hoogeveen op"]
[Site "Hoogeveen NED"]
[Date "2022.10.19"]
[Round "6.30"]
[White "Storkebaum, Ulrike"]
[Black "Huo, Da"]
[Result "1-0"]
[WhiteElo "1768"]
[BlackElo "1909"]
[EventDate "2022.10.15"]
[PlyCount "69"]

1.e4 c5 2.Nf3 d6 3.d4 cxd4 4.Nxd4 Nf6 5.Nc3 Nc6 6.Be2 e5 7.Nb3 Be7 8.Be3 
O-O 9.O-O Be6 10.f3 d5 11.exd5 Nxd5 12.Nxd5 Bxd5 13.c4 Be6 14.Rc1 Bg5 15.
Bxg5 Qxg5 16.Qd2 Qxd2 17.Nxd2 Rfd8 18.Ne4 Nd4 19.Rfe1 Rac8 20.b3 Rc6 21.
Kf2 a6 22.Bf1 f6 23.g4 h6 24.h3 Bf7 25.Red1 g5 26.Ng3 Rdc8 27.Bd3 b5 28.
Bf5 R8c7 29.Be4 Rc5 30.Nf5 Nxf5 31.Bxf5 bxc4 32.bxc4 Rxc4 33.Rxc4 Bxc4 34.
Rc1 Rc6 35.Rxc4 1-0

[Event "25th Hoogeveen op"]
[Site "Hoogeveen NED"]
[Date "2022.10.19"]
[Round "6.31"]
[White "Aravindhan, Achyuth"]
[Black "Spaans, Leo"]
[Result "1/2-1/2"]
[WhiteElo "1907"]
[BlackElo "1791"]
[EventDate "2022.10.15"]
[PlyCount "67"]

1.e4 e5 2.Nf3 Nc6 3.Bc4 Bc5 4.c3 Nf6 5.d4 exd4 6.e5 Ne4 7.cxd4 Bb4+ 8.Bd2 
Nxd2 9.Nbxd2 d5 10.Bb5 O-O 11.O-O Bd7 12.a3 Ba5 13.b4 Bb6 14.Nb3 Nxe5 15.
Bxd7 Nxf3+ 16.Qxf3 Qxd7 17.a4 c6 18.a5 Bd8 19.Nc5 Qc8 20.Rfe1 Bf6 21.Qf4 
Rd8 22.Ra3 b6 23.axb6 axb6 24.Rg3 Re8 25.Rc1 Bd8 26.Qh6 g6 27.Rh3 Bf6 28.
Qxh7+ Kf8 29.Rf3 Ke7 30.Re3+ Kf8 31.Nb3 Rxe3 32.fxe3 Qe6 33.Qh6+ Ke7 34.
Qf4 1/2-1/2

[Event "25th Hoogeveen op"]
[Site "Hoogeveen NED"]
[Date "2022.10.19"]
[Round "6.32"]
[White "Avis, Fred"]
[Black "Van T Hoff, Tom"]
[Result "0-1"]
[WhiteElo "1759"]
[BlackElo "1905"]
[EventDate "2022.10.15"]
[PlyCount "68"]

1.d4 Nf6 2.Bg5 d5 3.Bxf6 gxf6 4.e3 c5 5.c3 e6 6.Bd3 Nc6 7.f4 e5 8.dxe5 
fxe5 9.Qh5 e4 10.Bc2 Bg7 11.Nd2 Ne7 12.Ne2 Bd7 13.O-O Qb6 14.Rab1 Qg6 15.
Qxg6 hxg6 16.c4 f5 17.cxd5 Nxd5 18.Nc4 b5 19.Rfd1 Nb4 20.Nd6+ Ke7 21.Bb3 
c4 22.Nxc4 bxc4 23.Bxc4 Rac8 24.b3 Be6 25.Nd4 Bxd4 26.Rxd4 Nc2 27.Rd2 Nxe3
28.Bxe6 Kxe6 29.h3 Rhd8 30.Re2 Nd5 31.Rf1 Rc3 32.Rd2 Rd7 33.Kh2 Ne3 34.
Rff2 Rxd2 0-1

[Event "25th Hoogeveen op"]
[Site "Hoogeveen NED"]
[Date "2022.10.19"]
[Round "6.33"]
[White "Wolters, Vincent"]
[Black "Cuyvers, Jens"]
[Result "1/2-1/2"]
[WhiteElo "1882"]
[BlackElo "1765"]
[EventDate "2022.10.15"]
[PlyCount "61"]

1.e4 e6 2.d4 d5 3.Nc3 dxe4 4.Nxe4 Nd7 5.Bd3 Ngf6 6.Nxf6+ Nxf6 7.Bg5 Be7 8.
Nf3 h6 9.Bxf6 Bxf6 10.O-O O-O 11.c3 Bd7 12.Re1 Bc6 13.Qe2 Qd6 14.Rad1 Qf4 
15.Be4 Bxe4 16.Qxe4 Qxe4 17.Rxe4 Rad8 18.Rde1 Rd7 19.Ne5 Bxe5 20.Rxe5 Rfd8
21.f4 Kf8 22.Kf2 Rd5 23.g4 Rxe5 24.Rxe5 Rd5 25.Re4 g6 26.c4 Ra5 27.a3 Ra4 
28.c5 Rc4 29.b3 Rc2+ 30.Re2 Rc3 31.Re3 1/2-1/2

[Event "25th Hoogeveen op"]
[Site "Hoogeveen NED"]
[Date "2022.10.19"]
[Round "6.34"]
[White "Van de Poel, Taco"]
[Black "Koes, Richard"]
[Result "1/2-1/2"]
[WhiteElo "1881"]
[BlackElo "1755"]
[EventDate "2022.10.15"]
[PlyCount "81"]

1.e4 e5 2.d4 exd4 3.Nf3 Nc6 4.c3 d5 5.exd5 Qxd5 6.cxd4 Bg4 7.Nc3 Qh5 8.Be2
O-O-O 9.Be3 Nf6 10.Qa4 Nd5 11.Nxd5 Qxd5 12.O-O Kb8 13.h3 Bh5 14.Rfd1 f5 
15.Rac1 Bd6 16.Bc4 Qa5 17.Qxa5 Nxa5 18.Be2 f4 19.Bd2 Nc6 20.Bc3 Rhe8 21.
Re1 g5 22.Kf1 h6 23.Ne5 Bxe2+ 24.Rxe2 Nxe5 25.dxe5 Bf8 26.e6 Rd3 27.Be5 
Bd6 28.Bg7 h5 29.Bf6 f3 30.gxf3 Bf4 31.Rc3 Rd6 32.Rc4 Rdxe6 33.Rce4 Rxe4 
34.Rxe4 Rxe4 35.fxe4 g4 36.hxg4 hxg4 37.Ke2 Kc8 38.Kd3 Kd7 39.Bd4 a6 40.a4
Ke6 41.b3 1/2-1/2

[Event "25th Hoogeveen op"]
[Site "Hoogeveen NED"]
[Date "2022.10.19"]
[Round "6.35"]
[White "Nijdam, Brian"]
[Black "Kazarjan, Gachatur"]
[Result "1-0"]
[WhiteElo "1877"]
[BlackElo "1746"]
[EventDate "2022.10.15"]
[PlyCount "49"]

1.e4 d5 2.exd5 Nf6 3.Nf3 Bg4 4.h3 Bh5 5.Be2 Qxd5 6.O-O Nc6 7.Nc3 Qd7 8.d3 
e5 9.Nxe5 Nxe5 10.Bxh5 Nxh5 11.Qxh5 Ng6 12.Re1+ Be7 13.Be3 a6 14.a4 O-O-O 
15.Qa5 Nh4 16.Bf4 Qc6 17.Qxc7+ Qxc7 18.Bxc7 Rd7 19.Bh2 Nf5 20.a5 Bd8 21.
Re5 Nd4 22.Rc5+ Nc6 23.Nd5 Re8 24.b4 Re2 25.c4 1-0

[Event "25th Hoogeveen op"]
[Site "Hoogeveen NED"]
[Date "2022.10.19"]
[Round "6.36"]
[White "Wage, Sander"]
[Black "Mader, Fabian"]
[Result "1-0"]
[WhiteElo "1863"]
[BlackElo "1735"]
[EventDate "2022.10.15"]
[PlyCount "53"]

1.d4 Nf6 2.Bf4 g6 3.Nc3 d5 4.e3 Bg7 5.h4 c5 6.Nb5 Na6 7.a4 c4 8.c3 Bd7 9.
b3 cxb3 10.Qxb3 O-O 11.Nf3 Bxb5 12.axb5 Nc7 13.Be2 Nce8 14.O-O Nd6 15.Rfc1
e6 16.c4 dxc4 17.Bxc4 Qb6 18.Ne5 Rfd8 19.Ra2 Rac8 20.Rac2 a6 21.Bxe6 Rxc2 
22.Bxf7+ Kf8 23.Rxc2 axb5 24.Bxg6 Ra8 25.Nd7+ Nxd7 26.Bxd6+ Qxd6 27.Qf7# 
1-0

[Event "25th Hoogeveen op"]
[Site "Hoogeveen NED"]
[Date "2022.10.19"]
[Round "6.37"]
[White "Pouw, Marcel"]
[Black "Bommel, Peter"]
[Result "0-1"]
[WhiteElo "1862"]
[BlackElo "1550"]
[EventDate "2022.10.15"]
[PlyCount "66"]

1.d4 Nf6 2.Nf3 c5 3.d5 d6 4.c4 g6 5.Nc3 Bg7 6.Nd2 O-O 7.e4 e6 8.Be2 exd5 
9.cxd5 a6 10.a4 Re8 11.O-O Nbd7 12.Qc2 Rb8 13.Nc4 Ne5 14.Ne3 h5 15.h3 g5 
16.Nf5 g4 17.Bg5 Bxf5 18.exf5 Qb6 19.a5 Qc7 20.f4 gxf3 21.Bxf3 Nxf3+ 22.
Rxf3 Nh7 23.Bh4 Bd4+ 24.Bf2 Nf6 25.Ra4 Re1+ 26.Kh2 Bxf2 27.Qxf2 Qe7 28.
Raf4 Kh7 29.Qh4 Qe5 30.g4 Rh8 31.g5 Ng4+ 32.Kg2 Ne3+ 33.Kg3 Nxf5+ 0-1

[Event "25th Hoogeveen op"]
[Site "Hoogeveen NED"]
[Date "2022.10.19"]
[Round "6.38"]
[White "Van Foreest, Nanne"]
[Black "Goudriaan, Rafael"]
[Result "1/2-1/2"]
[WhiteElo "1856"]
[BlackElo "1654"]
[EventDate "2022.10.15"]
[PlyCount "52"]

1.e4 c6 2.d4 d5 3.exd5 cxd5 4.c4 dxc4 5.Bxc4 Qc7 6.Qb3 e6 7.Nc3 a6 8.d5 b5
9.Be2 Nf6 10.Bf3 exd5 11.Nge2 Bb7 12.Nxd5 Nxd5 13.Bxd5 Bb4+ 14.Qxb4 Bxd5 
15.Bf4 Qc4 16.Qd6 Nc6 17.O-O Qe4 18.f3 Qe6 19.Rfd1 Rd8 20.Qxe6+ Bxe6 21.
Rxd8+ Nxd8 22.a4 Bc4 23.Nd4 Ne6 24.Nxe6 fxe6 25.b3 O-O 26.Bd6 Bxb3 1/2-1/2

[Event "25th Hoogeveen op"]
[Site "Hoogeveen NED"]
[Date "2022.10.19"]
[Round "6.39"]
[White "Krylov, Philippe"]
[Black "Van der Vegt, Seth"]
[Result "1-0"]
[WhiteElo "1609"]
[BlackElo "1900"]
[EventDate "2022.10.15"]
[PlyCount "63"]

1.d4 e6 2.c4 b6 3.Nc3 Bb7 4.Bf4 f5 5.e3 Nf6 6.Nf3 Bb4 7.Qc2 O-O 8.a3 Bxc3+
9.Qxc3 d6 10.Be2 Nbd7 11.Ng5 Qe7 12.Bf3 Bxf3 13.Nxf3 Ne4 14.Qb3 g5 15.Bg3 
a5 16.h3 Nxg3 17.fxg3 a4 18.Qc3 e5 19.O-O-O e4 20.Ne1 Nf6 21.Nc2 Nh5 22.
Qe1 f4 23.gxf4 gxf4 24.Rf1 Kh8 25.d5 Rae8 26.Nd4 Qe5 27.Ne6 Rxe6 28.dxe6 
Qxe6 29.Qc3+ Kg8 30.Rd5 Rf5 31.Rxf5 Qxf5 32.g4 1-0

[Event "25th Hoogeveen op"]
[Site "Hoogeveen NED"]
[Date "2022.10.19"]
[Round "6.40"]
[White "Abma, Klaas"]
[Black "Tabak, Wesley"]
[Result "1/2-1/2"]
[WhiteElo "1835"]
[BlackElo "1506"]
[EventDate "2022.10.15"]
[PlyCount "156"]

1.d4 Nf6 2.Nf3 d5 3.g3 c6 4.Bg2 e6 5.O-O Be7 6.b3 O-O 7.c4 dxc4 8.bxc4 c5 
9.e3 Nc6 10.Nc3 cxd4 11.exd4 Rb8 12.Bf4 Bd6 13.Bg5 Be7 14.Rc1 h6 15.Be3 b6
16.Qa4 Na5 17.Ne5 Bb7 18.Bxb7 Rxb7 19.Rfd1 Nd7 20.Nf3 Nf6 21.d5 exd5 22.
cxd5 Rc7 23.Ne4 Nxe4 24.Qxe4 Rxc1 25.Bxc1 Nb7 26.Ne5 Nc5 27.Qg4 Qc8 28.
Qxc8 Rxc8 29.Nc6 Bf6 30.Nxa7 Ra8 31.Nb5 Nd7 32.a3 Ra5 33.Nd6 Be5 34.Nc4 
Rc5 35.Nxe5 Nxe5 36.Be3 Ra5 37.Bxb6 Rxa3 38.Kg2 Nd7 39.Be3 f6 40.h3 Ra5 
41.Kf3 Kf7 42.Ke4 Ra4+ 43.Rd4 Rxd4+ 44.Bxd4 g6 45.Bc3 Ke8 46.Bd2 h5 47.h4 
Kf7 48.Bc3 Ke7 49.Bb4+ Kf7 50.Kd4 Ke8 51.Kc4 Ne5+ 52.Kd4 Nd7 53.Ke4 Kf7 
54.f3 Ne5 55.Bc3 Nd7 56.g4 hxg4 57.fxg4 Nc5+ 58.Kf4 Nd7 59.h5 gxh5 60.gxh5
Kg7 61.Kf5 Kh6 62.Bxf6 Kxh5 63.Ke6 Nc5+ 64.Kd6 Ne4+ 65.Ke5 Kg6 66.Bh4 Nc5 
67.d6 Kf7 68.Kd5 Nd7 69.Bg5 Ke8 70.Kc6 Nb8+ 71.Kc7 Nd7 72.Be3 Ne5 73.Bd4 
Nf7 74.d7+ Ke7 75.Bc5+ Ke6 76.Kc8 Kd5 77.Bf8 Kc6 78.d8=N+ Nxd8 1/2-1/2

[Event "25th Hoogeveen op"]
[Site "Hoogeveen NED"]
[Date "2022.10.19"]
[Round "6.41"]
[White "Warnk, Torsten"]
[Black "Tawfiq, Abdul Karim"]
[Result "1-0"]
[WhiteElo "1709"]
[BlackElo "1777"]
[EventDate "2022.10.15"]
[PlyCount "137"]

1.d4 Nf6 2.Nf3 d5 3.Bf4 e6 4.e3 Bd6 5.Bg5 h6 6.Bh4 O-O 7.c4 Be7 8.Nc3 c5 
9.cxd5 Nxd5 10.Bxe7 Qxe7 11.Be2 cxd4 12.Nxd5 exd5 13.Nxd4 Qb4+ 14.Qd2 
Qxd2+ 15.Kxd2 Nc6 16.Nxc6 bxc6 17.Rhc1 Bd7 18.Rc5 Rfb8 19.b3 Kf8 20.Rac1 
f5 21.f3 Re8 22.Bd3 Re7 23.Re1 g6 24.b4 a6 25.Ra5 Bc8 26.Rc1 Re6 27.b5 
cxb5 28.Bxb5 Bb7 29.Ba4 Rb6 30.Bb3 Rd8 31.Ra4 Ke7 32.Rd4 Rbd6 33.Rc7+ R8d7
34.Rxd7+ Rxd7 35.Kd3 Rd6 36.Rb4 Bc6 37.Kd4 h5 38.Rb6 Bb5 39.Rxd6 Kxd6 40.
Bxd5 g5 41.g3 a5 42.h4 gxh4 43.gxh4 Be8 44.a3 Bg6 45.Bb3 Be8 46.Bc2 Bd7 
47.Kc4 Bc6 48.Bxf5 Bxf3 49.Kb5 Bg4 50.Bd3 Be6 51.Kxa5 Kc5 52.a4 Bc8 53.Bg6
Bg4 54.Ka6 Be2+ 55.Kb7 Kb4 56.Be8 Bf3+ 57.Kb6 Kc3 58.Bc6 Be2 59.a5 Bc4 60.
a6 Bxa6 61.Kxa6 Kd3 62.e4 Kd4 63.Kb6 Ke5 64.Kc7 Ke6 65.Bd5+ Ke7 66.e5 Ke8 
67.Kd6 Kd8 68.e6 Ke8 69.Bf3 1-0

[Event "25th Hoogeveen op"]
[Site "Hoogeveen NED"]
[Date "2022.10.19"]
[Round "6.42"]
[White "Borggreve, Martin"]
[Black "Dokter, Lars"]
[Result "1-0"]
[WhiteElo "1534"]
[BlackElo "1150"]
[EventDate "2022.10.15"]
[PlyCount "59"]

1.f4 e6 2.e4 Nc6 3.Nf3 d5 4.exd5 exd5 5.c3 Nf6 6.d3 Bf5 7.h3 d4 8.g4 Be6 
9.Qe2 dxc3 10.f5 cxb2 11.Bxb2 Bb4+ 12.Nc3 Nd4 13.Nxd4 Qxd4 14.Rc1 O-O-O 
15.fxe6 fxe6 16.Kd1 Bxc3 17.Qxe6+ Kb8 18.Bxc3 Qa4+ 19.Qb3 Qxb3+ 20.axb3 
Ne4 21.Kc2 Nf2 22.Rh2 Rhf8 23.Bxg7 Rf3 24.d4 Rd7 25.Be5 Ne4 26.Re1 Rc3+ 
27.Kb2 Rf7 28.Bc4 Rxc4 29.bxc4 Ng5 30.Bf6 1-0

[Event "25th Hoogeveen op"]
[Site "Hoogeveen NED"]
[Date "2022.10.19"]
[Round "6.43"]
[White "Land, Marc"]
[Black "Kompaan, Rick"]
[Result "0-1"]
[WhiteElo "1826"]
[BlackElo "1785"]
[EventDate "2022.10.15"]
[PlyCount "66"]

1.e4 c5 2.Nf3 d6 3.c3 Nf6 4.Be2 Nc6 5.d4 cxd4 6.cxd4 Nxe4 7.d5 Qa5+ 8.Nc3 
Nxc3 9.bxc3 Ne5 10.Nxe5 Qxc3+ 11.Bd2 Qxe5 12.O-O Bd7 13.Bf3 g6 14.Qb3 Bg7 
15.Qxb7 Rd8 16.Ba5 Qf5 17.Rae1 Rc8 18.Be4 Qg5 19.f4 Bd4+ 20.Kh1 Qg4 21.f5 
Be5 22.Qxa7 gxf5 23.Qf2 Qh5 24.g4 fxg4 25.Qe2 O-O 26.Rg1 f5 27.Bd3 Kh8 28.
Qg2 f4 29.Rxe5 Qxe5 30.Re1 f3 31.Qf2 Qg5 32.Bb6 Qxd5 33.Bd4+ e5 0-1

[Event "25th Hoogeveen op"]
[Site "Hoogeveen NED"]
[Date "2022.10.19"]
[Round "6.44"]
[White "Selten, Ton"]
[Black "Winkel, Ruud"]
[Result "1/2-1/2"]
[WhiteElo "1809"]
[BlackElo "1663"]
[EventDate "2022.10.15"]
[PlyCount "55"]

1.c4 f5 2.g3 Nf6 3.Bg2 e6 4.Nc3 c6 5.d4 d5 6.Nf3 Bd6 7.O-O Nbd7 8.Qc2 Ne4 
9.Nxe4 fxe4 10.Bg5 Be7 11.Bxe7 Qxe7 12.Ne5 O-O 13.f4 Nxe5 14.fxe5 Bd7 15.
e3 Rxf1+ 16.Rxf1 Rf8 17.c5 Rxf1+ 18.Bxf1 Be8 19.Qe2 Bg6 20.b4 Qf7 21.Bh3 
Bf5 22.g4 Bg6 23.Bg2 Qe7 24.Qf2 Qg5 25.h3 h5 26.Qe2 hxg4 27.hxg4 Qh4 28.
Bf1 1/2-1/2

[Event "25th Hoogeveen op"]
[Site "Hoogeveen NED"]
[Date "2022.10.19"]
[Round "6.45"]
[White "Van Heeren, Arie"]
[Black "Uneken, Bert"]
[Result "1/2-1/2"]
[WhiteElo "1755"]
[BlackElo "1803"]
[EventDate "2022.10.15"]
[PlyCount "122"]

1.e4 c6 2.d4 d5 3.Nc3 dxe4 4.Nxe4 Bf5 5.Ng3 Bg6 6.Nf3 Nd7 7.Bc4 e6 8.O-O 
Bd6 9.Re1 Qc7 10.Ng5 Nf8 11.d5 cxd5 12.Qxd5 O-O-O 13.Qb5 Nf6 14.Qb3 h6 15.
Nf3 N8d7 16.Be3 Bc5 17.Bd3 Bh7 18.a4 h5 19.Bg5 Qb6 20.Qxb6 Bxb6 21.b4 Bxd3
22.cxd3 Bc7 23.a5 a6 24.Rac1 Kb8 25.Ne4 Rc8 26.Nc5 Nxc5 27.Rxc5 Nd5 28.Bd2
Bd6 29.Rxc8+ Rxc8 30.Ne5 Bxe5 31.Rxe5 Rc2 32.Re2 Nxb4 33.Kf1 Nxd3 34.Bf4+ 
Nxf4 35.Rxc2 Nd5 36.g3 Nb4 37.Rc5 g6 38.Ke2 Nc6 39.Ke3 Kc7 40.Kf4 Kd6 41.
Rc1 Nxa5 42.Kg5 Nb3 43.Rc8 a5 44.Kf6 b5 45.Kxf7 a4 46.Re8 a3 47.Rxe6+ Kd5 
48.Ra6 b4 49.Kxg6 Nc1 50.f4 a2 51.f5 b3 52.f6 b2 53.f7 b1=Q+ 54.Kg7 a1=Q+ 
55.Rxa1 Qxa1+ 56.Kg8 Qa8+ 57.f8=Q Qxf8+ 58.Kxf8 Ke5 59.Kg7 Kf5 60.Kh6 Kg4 
61.h3+ Kxg3 1/2-1/2

[Event "25th Hoogeveen op"]
[Site "Hoogeveen NED"]
[Date "2022.10.19"]
[Round "6.46"]
[White "Van de Mheen, Steven"]
[Black "Rellum, Theo"]
[Result "1-0"]
[WhiteElo "1473"]
[BlackElo "1456"]
[EventDate "2022.10.15"]
[PlyCount "71"]

1.e4 e5 2.Nf3 Nc6 3.Bc4 h6 4.c3 Na5 5.Nxe5 Nxc4 6.Nxc4 d6 7.d4 b5 8.Na5 
Ne7 9.Qe2 a6 10.b4 Bd7 11.Bf4 Nc6 12.Nb3 Be7 13.N1d2 Bg5 14.Be3 Bxe3 15.
Qxe3 O-O 16.O-O Re8 17.f4 Ne7 18.f5 Nd5 19.Qf3 Nf6 20.Rae1 Bc6 21.Na5 Bd7 
22.Re2 Qb8 23.e5 dxe5 24.dxe5 Nh7 25.f6 Qb6+ 26.Kh1 Ng5 27.Qg3 g6 28.h4 
Ne6 29.h5 g5 30.Ne4 Kh8 31.Nb3 Rg8 32.Nbc5 Nxc5 33.Nxc5 Be8 34.e6 Qd6 35.
Qg4 Rd8 36.Nb7 1-0

[Event "25th Hoogeveen op"]
[Site "Hoogeveen NED"]
[Date "2022.10.20"]
[Round "7.1"]
[White "Bharath, Subramaniyam H"]
[Black "Romanov, Evgeny"]
[Result "1/2-1/2"]
[WhiteElo "2495"]
[BlackElo "2593"]
[EventDate "2022.10.15"]
[PlyCount "35"]

1.d4 Nf6 2.Nf3 e6 3.Bf4 b6 4.e3 Bb7 5.Bd3 Nh5 6.Bg5 Be7 7.Bxe7 Qxe7 8.c4 
f5 9.Nc3 O-O 10.Qc2 Kh8 11.O-O-O d6 12.d5 Na6 13.Nd4 exd5 14.Nxd5 Bxd5 15.
cxd5 Nb4 16.Qc4 Nxd3+ 17.Rxd3 Qf7 18.f3 1/2-1/2

[Event "25th Hoogeveen op"]
[Site "Hoogeveen NED"]
[Date "2022.10.20"]
[Round "7.2"]
[White "Hovhannisyan, Robert"]
[Black "Beerdsen, Thomas"]
[Result "1-0"]
[WhiteElo "2601"]
[BlackElo "2521"]
[EventDate "2022.10.15"]
[PlyCount "85"]

1.e4 c5 2.Nf3 d6 3.d4 cxd4 4.Nxd4 Nf6 5.Nc3 a6 6.Be2 e5 7.Nb3 Be7 8.Bg5 
Be6 9.Bxf6 Bxf6 10.Qd3 O-O 11.Rd1 Be7 12.Nd5 Bxd5 13.Qxd5 Qc7 14.Bg4 Nc6 
15.c3 Rfd8 16.O-O Bg5 17.Na1 Ne7 18.Qb3 a5 19.a4 Ra6 20.Be2 Rb6 21.Bb5 Qc5
22.c4 Qc7 23.Qc3 Ra8 24.Nc2 Ng6 25.g3 Qc8 26.Qf3 Qh3 27.Ne3 Nh4 28.Qg4 
Qxg4 29.Nxg4 Nf3+ 30.Kg2 Nd2 31.f4 exf4 32.gxf4 Nxf1 33.fxg5 d5 34.exd5 h5
35.Kxf1 hxg4 36.d6 f5 37.c5 Rc6 38.Bxc6 bxc6 39.g6 Kf8 40.Re1 Rb8 41.Re5 
Rxb2 42.Rxf5+ Ke8 43.Rf7 1-0